[Event "Asian Cities-chT"]
[Site "Khanty-Mansiysk"]
[Date "2024.04.27"]
[Round "7.3"]
[White "Liyanage, Ranindu Dilshan"]
[Black "Titarov, Vasilii"]
[Result "1-0"]
[WhiteElo "2343"]
[BlackElo "2093"]
[PlyCount "95"]
[EventDate "2024.04.21"]
[EventType "team-swiss"]
[EventRounds "9"]
[EventCountry "RUS"]
[SourceTitle "CB18_2024"]
[SourceDate "2024.05.01"]
[SourceVersion "1"]
[SourceVersionDate "2024.05.01"]
[SourceQuality "2"]
[WhiteTeam "Colombo"]
[BlackTeam "Moscow"]
[WhiteTeamCountry "SRI"]
[BlackTeamCountry "RUS"]

1. e4 e6 2. d4 d5 3. e5 c5 4. c3 Nc6 5. Nf3 Qb6 6. a3 Nh6 7. Bd3 cxd4 8. 0-0 Bd7 9. b4 a6 10. Re1 Rc8 11. Bb2 Be7 12. cxd4 Nf5 13. Bxf5 exf5 14. Nc3 Be6 15. Qd3 0-0 16. Na4 Qa7 17. Bc1 b6 18. h4 h6 19. Bf4 Nb8 20. Rac1 Nd7 21. h5 Qb7 22. Nd2 Rc6 23. Nf1 Rxc1 24. Rxc1 Rc8 25. Rc3 Rxc3 26. Nxc3 b5 27. Ne3 Nb6 28. Nxf5 Bxf5 29. Qxf5 Qc6 30. Qd3 Bg5 31. Bxg5 hxg5 32. Ne2 Qc8 33. Ng3 Qc1+ 34. Kh2 Qf4 35. Qf5 Qxd4 36. Qxg5 f6 37. exf6 Qxf6 38. Qxf6 gxf6 39. Nf5 Kf7 40. g4 Nc4 41. f4 Nxa3 42. g5 fxg5 43. fxg5 Nc4 44. g6+ Kg8 45. h6 Ne5 46. Ne7+ Kf8 47. g7+ Kxe7 48. g8Q 1-0

[Event "Asian Cities-chT"]
[Site "Khanty-Mansiysk"]
[Date "2024.04.25"]
[Round "5.3"]
[White "Tkachyov, Adil"]
[Black "Liyanage, Ranindu Dilshan"]
[Result "0-1"]
[WhiteElo "2073"]
[BlackElo "2343"]
[PlyCount "90"]
[EventDate "2024.04.21"]
[EventType "team-swiss"]
[EventRounds "9"]
[EventCountry "RUS"]
[SourceTitle "CB18_2024"]
[SourceDate "2024.05.01"]
[SourceVersion "1"]
[SourceVersionDate "2024.05.01"]
[SourceQuality "2"]
[WhiteTeam "Pavlodar"]
[BlackTeam "Colombo"]
[WhiteTeamCountry "KAZ"]
[BlackTeamCountry "SRI"]

1. d4 d5 2. c4 e6 3. cxd5 exd5 4. Nc3 Nf6 5. Bg5 c6 6. e3 h6 7. Bh4 Be7 8. Bd3 0-0 9. Qc2 Ne8 10. Bg3 Nd6 11. Nge2 Re8 12. 0-0 Bf8 13. Rad1 a5 14. a3 Na6 15. e4 dxe4 16. Nxe4 Nc7 17. N2c3 Nxe4 18. Bxe4 Be6 19. Bxc7 Qxc7 20. d5 cxd5 21. Bxd5 Bxd5 22. Rxd5 Rad8 23. Rxd8 Rxd8 24. Rd1 Re8 25. Qd2 Qe5 26. g3 b5 27. a4 b4 28. Nd5 Bc5 29. Nf4 Qe7 30. b3 Qb7 31. Qd5 Qe7 32. Qc4 g5 33. Nd5 Qe2 34. Nf6+ Kh8 35. Qxe2 Rxe2 36. Rd5 Bxf2+ 37. Kf1 Rb2 38. Rxa5 Bd4 39. Ne4 Rxb3 40. Rd5 Bg7 41. a5 Ra3 42. Rb5 b3 43. Ke2 b2 44. Kd2 Ra1 45. Kc2 Rc1+ 0-1

[Event "SRI-ch"]
[Site "Colombo"]
[Date "2024.03.29"]
[Round "8"]
[White "Liyanage, Ranindu Dilshan"]
[Black "Dandeniya, DDLN"]
[Result "1-0"]
[WhiteElo "2343"]
[BlackElo "1800"]
[PlyCount "89"]
[EventDate "2024.03.22"]
[EventType "tourn"]
[EventRounds "13"]
[EventCountry "SRI"]
[SourceTitle "CB15_2024"]
[SourceDate "2024.04.10"]
[SourceVersion "1"]
[SourceVersionDate "2024.04.10"]
[SourceQuality "1"]

1. d4 Nf6 2. Nc3 g6 3. e4 d6 4. Nf3 Bg7 5. Be2 0-0 6. 0-0 Nbd7 7. e5 Ne8 8. Bf4 c5 9. Re1 cxd4 10. Qxd4 dxe5 11. Bxe5 Nef6 12. Rad1 Qa5 13. b4 Qb6 14. Na4 Qxd4 15. Bxd4 e6 16. c4 b6 17. c5 Bb7 18. Bb5 bxc5 19. bxc5 Nb8 20. Ne5 a6 21. Be2 Nd5 22. Nb6 Nxb6 23. cxb6 Bxe5 24. Bxe5 Nc6 25. Bf6 Rab8 26. Rb1 Rfe8 27. Red1 Ne7 28. Be5 Rbd8 29. a4 Rxd1+ 30. Rxd1 Nd5 31. Bf3 Rc8 32. Bc7 Ba8 33. a5 Kg7 34. Rc1 f6 35. Kf1 Kf7 36. h4 Bb7 37. h5 Ba8 38. Ke2 Bb7 39. hxg6+ hxg6 40. g3 Ba8 41. Bxd5 Bxd5 42. Rd1 Ke7 43. Rxd5 exd5 44. b7 Rxc7 45. b8Q 1-0

[Event "SRI-ch"]
[Site "Colombo"]
[Date "2024.03.25"]
[Round "6"]
[White "Liyanage, Ranindu Dilshan"]
[Black "Bandara, Dhanushka"]
[Result "1-0"]
[WhiteElo "2343"]
[BlackElo "1883"]
[PlyCount "37"]
[EventDate "2024.03.22"]
[EventType "tourn"]
[EventRounds "13"]
[EventCountry "SRI"]
[SourceTitle "CB15_2024"]
[SourceDate "2024.04.10"]
[SourceVersion "1"]
[SourceVersionDate "2024.04.10"]
[SourceQuality "1"]

1. e4 c5 2. Nf3 d6 3. Bb5+ Nd7 4. d4 a6 5. Bxd7+ Qxd7 6. Nc3 e6 7. a4 b6 8. dxc5 dxc5 9. Bf4 f6 10. Nd2 Bb7 11. Nc4 Qc6 12. Qe2 Rd8 13. 0-0 Ne7 14. Rfd1 Rxd1+ 15. Rxd1 Nc8 16. Qg4 Kf7 17. Rd8 g6 18. Qd1 Ke7 19. Ne5 1-0

[Event "SRI-ch"]
[Site "Colombo"]
[Date "2024.03.24"]
[Round "4"]
[White "Liyanage, Ranindu Dilshan"]
[Black "Liyanage, Pesandu Rashmitha"]
[Result "1-0"]
[WhiteElo "2343"]
[BlackElo "1871"]
[PlyCount "63"]
[EventDate "2024.03.22"]
[EventType "tourn"]
[EventRounds "13"]
[EventCountry "SRI"]
[SourceTitle "CB15_2024"]
[SourceDate "2024.04.10"]
[SourceVersion "1"]
[SourceVersionDate "2024.04.10"]
[SourceQuality "1"]

1. e4 c5 2. Nf3 d6 3. Bb5+ Nc6 4. 0-0 Bd7 5. Re1 Nf6 6. h3 a6 7. Bf1 g6 8. c3 Bg7 9. d4 cxd4 10. cxd4 d5 11. e5 Ne4 12. Nbd2 Nxd2 13. Bxd2 Qb6 14. Bc3 0-0 15. b4 Rac8 16. Qb3 e6 17. Qb2 f6 18. Rad1 fxe5 19. dxe5 Rf4 20. b5 axb5 21. Qxb5 Qa7 22. Rxd5 Be8 23. Rc5 Bf8 24. Rc4 Nd4 25. Bxd4 Bxb5 26. Rxc8 Qa5 27. Bc3 Qb6 28. Rb1 Qa7 29. Rxb5 Kg7 30. Rc7+ Kg8 31. Bd2 Rf5 32. Bc4 1-0

[Event "Dhaka Elegant Aspirant 2nd"]
[Site "Dhaka"]
[Date "2024.02.21"]
[Round "1"]
[White "Liyanage, Ranindu Dilshan"]
[Black "Aradhya, Garg"]
[Result "1/2-1/2"]
[WhiteElo "2347"]
[BlackElo "2392"]
[PlyCount "80"]
[EventDate "2024.02.21"]
[EventType "tourn"]
[EventRounds "9"]
[EventCountry "BAN"]
[EventCategory "6"]
[SourceTitle "CB10_2024"]
[SourceDate "2024.03.06"]
[SourceVersion "1"]
[SourceVersionDate "2024.03.06"]
[SourceQuality "1"]

1. d4 d5 2. c4 c6 3. cxd5 cxd5 4. Nc3 Nf6 5. Bf4 Nc6 6. e3 Bf5 7. Qb3 Qb6 8. Qxb6 axb6 9. Bb5 e6 10. Nf3 Bb4 11. Ne5 0-0 12. Nxc6 bxc6 13. Bxc6 Ra5 14. a4 Rc8 15. Bb5 Ne4 16. 0-0 Bxc3 17. bxc3 Nxc3 18. Rfc1 Rxb5 19. Rxc3 Rxc3 20. axb5 h5 21. h4 Rb3 22. Ra8+ Kh7 23. Ra7 Kg6 24. Rb7 Rxb5 25. Kh2 Rb2 26. Kg3 b5 27. Bd6 Bd3 28. Bc5 Rb1 29. Bd6 Be4 30. Bc5 Rg1 31. f3 Bd3 32. Bd6 Re1 33. Kf4 Rf1 34. Kg3 Rc1 35. Kf4 Rg1 36. Kg3 Bc4 37. Bc5 Kf6 38. Be7+ Kf5 39. Bd6 Kg6 40. Bc5 Bd3 1/2-1/2

[Event "Dhaka Global Aspirant"]
[Site "Dhaka"]
[Date "2024.02.17"]
[Round "7"]
[White "Liyanage, Ranindu Dilshan"]
[Black "Panesar, Vedant"]
[Result "0-1"]
[WhiteElo "2347"]
[BlackElo "2444"]
[PlyCount "126"]
[EventDate "2024.02.13"]
[EventType "tourn"]
[EventRounds "9"]
[EventCountry "BAN"]
[EventCategory "6"]
[SourceTitle "CB08_2024"]
[SourceDate "2024.02.21"]
[SourceVersion "1"]
[SourceVersionDate "2024.02.21"]
[SourceQuality "1"]

1. e4 e5 2. Nc3 Nf6 3. d4 exd4 4. Qxd4 Nc6 5. Qd3 Bc5 6. Bf4 0-0 7. f3 d5 8. 0-0-0 dxe4 9. Nxe4 Nxe4 10. Qxd8 Nxd8 11. fxe4 Ne6 12. Bg3 Be3+ 13. Kb1 Bf4 14. Ne2 Bxg3 15. Nxg3 Nf4 16. Nf5 Be6 17. g3 Ng6 18. Nd4 Rfe8 19. Nxe6 Rxe6 20. Rd7 Re7 21. Rxe7 Nxe7 22. Bc4 Ng6 23. Rd1 Ne5 24. Be2 Kf8 25. c3 Ke7 26. Kc2 f6 27. b3 a5 28. a4 c6 29. Rf1 Rd8 30. Re1 Nd7 31. Bg4 Ne5 32. Be2 Rh8 33. Kd2 Nd7 34. Bg4 Nc5 35. Kc2 h5 36. Bf5 h4 37. g4 Kf7 38. g5 g6 39. Bh3 Re8 40. gxf6 Kxf6 41. Rf1+ Kg5 42. Rg1+ Kh5 43. Bg4+ Kh6 44. Re1 Kg5 45. h3 Rxe4 46. Rxe4 Nxe4 47. b4 b6 48. Bf3 Kf4 49. Bg2 Ke3 50. Kb3 Nd2+ 51. Kc2 Nf3 52. Kb3 Ne5 53. Kc2 g5 54. Kb3 c5 55. bxc5 bxc5 56. Bd5 Kf4 57. Kc2 Kg3 58. Be6 g4 59. hxg4 h3 60. Bd5 Nf3 61. g5 h2 62. g6 h1Q 63. g7 Qh7+ 0-1

[Event "Titled Tuesday intern op 19th Dec Early"]
[Site "Chess.com INT"]
[Date "2023.12.19"]
[Round "7"]
[White "Liyanage, Ranindu Dilshan"]
[Black "Omariev, Maksim"]
[Result "1-0"]
[WhiteElo "2400"]
[BlackElo "2304"]
[PlyCount "61"]
[EventDate "2023.12.19"]
[EventType "swiss (blitz)"]
[EventRounds "11"]
[EventCountry "USA"]
[SourceTitle "CB52_2023"]
[SourceDate "2023.12.27"]
[SourceVersion "1"]
[SourceVersionDate "2023.12.27"]
[SourceQuality "1"]

1. e4 c5 2. c3 Nf6 3. e5 Nd5 4. Nf3 e6 5. Bc4 Nb6 6. Bb3 c4 7. Bc2 Nc6 8. d4 cxd3 9. Qxd3 Qc7 10. Bf4 f6 11. Qe2 Nd5 12. Bg3 f5 13. Nbd2 Be7 14. Nc4 0-0 15. h4 b6 16. Nd6 f4 17. Bxh7+ Kxh7 18. Ng5+ Kh6 19. Qe4 Rf5 20. Nxf5+ exf5 21. Qxd5 fxg3 22. 0-0-0 Bxg5+ 23. hxg5+ Kxg5 24. f4+ Kg6 25. Qg8 Bb7 26. Rd6+ Qxd6 27. Qh7+ Kf7 28. exd6 Na5 29. Qxf5+ Kg8 30. Qxd7 Bc6 31. Qe6+ 1-0

[Event "Jaffna op"]
[Site "Jaffna"]
[Date "2023.12.11"]
[Round "7"]
[White "Alahakoon, Isuru"]
[Black "Liyanage, Ranindu Dilshan"]
[Result "1/2-1/2"]
[WhiteElo "1877"]
[BlackElo "2400"]
[PlyCount "126"]
[EventDate "2023.12.08"]
[EventType "swiss"]
[EventRounds "10"]
[EventCountry "SRI"]
[SourceTitle "CB51_2023"]
[SourceDate "2023.12.20"]
[SourceVersion "1"]
[SourceVersionDate "2023.12.20"]
[SourceQuality "1"]

1. d4 Nf6 2. c4 e6 3. Nc3 Bb4 4. e3 0-0 5. Bd3 d5 6. Bd2 b6 7. cxd5 exd5 8. Nf3 Bb7 9. 0-0 Nbd7 10. Rc1 Be7 11. Ne5 Nxe5 12. dxe5 Nd7 13. Qc2 g6 14. f4 c5 15. Qd1 Rc8 16. Qg4 f5 17. Qh3 c4 18. Bb1 Nc5 19. Ne2 Qd7 20. Bc3 b5 21. Rcd1 Rcd8 22. Ba5 Rde8 23. Bb4 Na4 24. Bxe7 Rxe7 25. Rd2 b4 26. Rfd1 c3 27. bxc3 bxc3 28. Rd4 Rc8 29. Bc2 Nb2 30. Rc1 Qb5 31. Qf3 Nc4 32. Bd3 Rec7 33. Rb1 Qd7 34. Bxc4 Rxc4 35. Rxc4 Rxc4 36. Nd4 c2 37. Rc1 Qa4 38. Qe2 Ba6 39. Qd2 Qxa2 40. Rxc2 Rxc2 41. Qxc2 Qc4 42. h3 Qxc2 43. Nxc2 Kf7 44. Kf2 Bd3 45. Nb4 Bc4 46. Nc6 a6 47. g3 g5 48. Ke1 h6 49. Kd2 Bf1 50. h4 gxh4 51. gxh4 Bb5 52. Nd4 Bd7 53. h5 Ke7 54. Kc3 a5 55. Kb3 Kf7 56. Ka3 Ke7 57. Kb3 Kf7 58. Kb2 Ke7 59. Ka3 a4 60. Kb4 Kf7 61. Ne2 Ke6 62. Nd4+ Ke7 63. Ka3 Kf7 1/2-1/2

[Event "Asia-ch Blitz U20"]
[Site "Jamshedpur"]
[Date "2023.09.15"]
[Round "8"]
[White "Abdilkhair, Abilmansur"]
[Black "Liyanage, Ranindu Dilshan"]
[Result "0-1"]
[WhiteElo "2194"]
[BlackElo "2210"]
[PlyCount "98"]
[EventDate "2023.09.15"]
[EventType "swiss (blitz)"]
[EventRounds "9"]
[EventCountry "IND"]
[SourceTitle "EXT 2024"]
[Source "ChessBase"]
[SourceDate "2023.10.10"]
[SourceVersion "1"]
[SourceVersionDate "2023.10.10"]
[SourceQuality "1"]

1. a3 e5 2. c3 Nf6 3. d4 Nc6 4. g3 d5 5. Bg2 e4 6. f3 Bf5 7. Nh3 Bd6 8. Nf2 h6 9. fxe4 dxe4 10. e3 0-0 11. c4 Re8 12. Nc3 Qd7 13. 0-0 Rad8 14. b4 Bf8 15. Qa4 a6 16. Bb2 Bg6 17. Qb3 h5 18. Ne2 Bh7 19. Nf4 Qe7 20. Rac1 g5 21. Ne2 Bg7 22. b5 Nb8 23. a4 Nbd7 24. Ba3 Qe6 25. Bh3 Ng4 26. Nxg4 hxg4 27. Bg2 Bg6 28. Nc3 Nb6 29. Na2 axb5 30. axb5 f5 31. Bc5 Nd7 32. Bb4 Nb6 33. Ba5 f4 34. gxf4 gxf4 35. Rxf4 Bh6 36. Rf2 g3 37. hxg3 Qg4 38. Bxb6 cxb6 39. c5+ Kh8 40. c6 Qxg3 41. Re1 Bh5 42. Qc3 Bf3 43. d5+ Bg7 44. Qd2 Be5 45. Kf1 Rf8 46. Kg1 Qh2+ 47. Kf1 Bxg2+ 48. Ke2 Rxf2+ 49. Kxf2 Bh3# 0-1